Wolters' ster woordenboek Spaans-Nederlands / (Registro nro. 4458)

Detalles MARC
000 -CABECERA
campo de control de longitud fija 00557nam a22001817a 4500
003 - IDENTIFICADOR DEL NÚMERO DE CONTROL
campo de control DO-SdBJH
005 - FECHA Y HORA DE LA ÚLTIMA TRANSACCIÓN
campo de control 20180725175007.0
008 - DATOS DE LONGITUD FIJA--INFORMACIÓN GENERAL
campo de control de longitud fija 180725b ||||| |||| 00| 0 spa d
020 ## - NÚMERO INTERNACIONAL ESTÁNDAR DEL LIBRO
Número Internacional Estándar del Libro 90-6648-674-0
040 ## - FUENTE DE LA CATALOGACIÓN
Centro catalogador/agencia de origen DO-SdBJH
Lengua de catalogación spa
Centro/agencia transcriptor DO-SdBJH
082 ## - NÚMERO DE LA CLASIFICACIÓN DECIMAL DEWEY
Número de edición 2a. edición
Número de clasificación 463
Número de documento/Ítem V995d 1996
100 ## - ENTRADA PRINCIPAL--NOMBRE DE PERSONA
Autor Personal Vuyk-Bosdriesz, Johanna
245 ## - MENCIÓN DE TÍTULO
Título Wolters' ster woordenboek Spaans-Nederlands /
Mención de responsabilidad, etc. Johanna Vuyk-Bosdriesz
300 ## - DESCRIPCIÓN FÍSICA
Extensión 467 páginas
490 ## - MENCIÓN DE SERIE
Mención de serie Wolters' ster woordenboek
650 ## - PUNTO DE ACCESO ADICIONAL DE MATERIA--TÉRMINO DE MATERIA
Término de materia o nombre geográfico como elemento de entrada Español- diccionario-holandés
942 ## - ELEMENTOS DE PUNTO DE ACCESO ADICIONAL (KOHA)
Fuente del sistema de clasificación o colocación Dewey Decimal Classification
Tipo de ítem Koha Libros
Existencias
Estado de retiro Estado de pérdida Fuente del sistema de clasificación o colocación Estado dañado No para préstamo Código de colección Localización permanente Ubicación/localización actual Ubicación en estantería Fecha de adquisición Número de inventario Total de préstamos Signatura topográfica completa Código de barras Fecha visto por última vez Número de copia Precio válido a partir de Tipo de ítem Koha
    Dewey Decimal Classification     Colección General SIBM UNADE - Biblioteca Escuela de Graduados de Estudios Militares, ERD SIBM UNADE - Biblioteca Escuela de Graduados de Estudios Militares, ERD En estantería 07/25/2018 18-EERD- 01424   463 V995d 1996 18-EERD- 01424 07/25/2018 Ej.1 07/25/2018 Libros
© Copyright 2016. Universidad Nacional para la Defensa.Todos los derechos reservados.

 

Designed & Maintained by: https://www.sibdweb.com.do
Sistema de Información & Bibliotecas (SIBD). Contact: pbrito2005@gmail.com